| 000 | 00360nam a22001451a 4500 | ||
|---|---|---|---|
| 020 | _a9788171196302 | ||
| 082 |
_aH 954 _bANA/K |
||
| 100 | _aAnantmurrti U R | ||
| 245 |
_aKis prakar ki he yah bharatiyata/ _cby Anantmurrti U R |
||
| 260 |
_aNew Delhi: _bRadhakrishna, _c2004. |
||
| 300 | _a140p. | ||
| 650 | _aHistory India | ||
| 650 | _aHistory | ||
| 942 | _cBK | ||
| 999 |
_c24307 _d24307 |
||